Analýza finančných trhov

Saved in:
Bibliographic Details
Main Author: Hrvoľová, Božena
Corporate Author: Ekonomická univerzita v Bratislave. Fakulta podnikového manažmentu
Other Authors: Pavlíková, Mária, Daniel, Peter
Format: Book
Language:Slovak
Published: Bratislava Vydavateľstvo Ekonóm 1998
Subjects:
Tags: Add Tag
No Tags, Be the first to tag this record!

MARC

LEADER 00000nam a2200000 4500
001 c100946
005 20221007085533.2
020 |a 80-225-0964-7 
041 0 |a slo 
044 |a SK 
245 1 0 |a Analýza finančných trhov  |c Božena Hrvoľová, Mária Pavlíková, Peter Daniel 
264 1 |a Bratislava  |b Vydavateľstvo Ekonóm  |c 1998 
300 |a 242 s. 
610 2 0 |a trh finančný 
610 2 0 |a trh kapitálový 
610 2 0 |a trh peňažný 
610 2 0 |a trh zlata 
610 2 0 |a trh devízový 
610 2 0 |a trh poistný 
100 1 |a Hrvoľová, Božena 
700 1 |a Pavlíková, Mária 
700 1 |a Daniel, Peter 
710 2 |a Ekonomická univerzita v Bratislave. Fakulta podnikového manažmentu